00491nam a2200193 a 4500001001300000003000900013005001700022008004100039020001000080082001500090100002700105245002600132260003500158300000900193500003500202505001400237650001900251700002700270nice12345678IN_TiNIC20260116011355.0050524s1920 newa grp 000 0 urd  ac10000a940.1bTAN aTanha, Mohammad Yahiya aTarikh Maghrabi Yorup aNew DelhibMaktaba Jamiac1920 a282p aincludes index and biblioraphy2 areference aEurope-History1 aTanha, Mohammad Yahiya